000 01608 a2200241 4500
001 44919
005 20260407155724.0
008 260407a2010 arg spa d
003 AR-UNSa-BCEJYS
040 _aAR-UNSa-BCEJYS
_bspa
_cAR-UNSa-BCEJYS
080 _a304.4(82)
_xAspectos generales de las políticas y prácticas sociales y culturales en Argentina (política social)
245 1 0 _aAportes para la construcción de un piso de protección social en Argentina
_pel caso de las asignaciones familiares
020 _a978-92-2-324138-4
264 1 _aBuenos Aires :
_bOIT
_c2010
300 _a82 p.
_c25 cm.
505 _a1. Introducción – 2. La necesidad de la protección social – 3. Estrategia para la ampliación de la cobertura: el Piso de Protección Social como parte de un sistema – 4. La protección social en Argentina: avances y desafíos – 5. Política social para la infancia y adolescencia: las asignaciones familiares como parte de un PPS – 6. La experiencia internacional en transferencia para la niñez: casos relevantes en América Latina – 7. La reforma de las asignaciones familiares en Argentina – 8. Evaluación del impacto de la reforma en las asignaciones familiares – 9. Conclusiones y desafíos para la política de protección social – 10. Referencias bibliográficas -
041 _aspa
942 _cBK
590 _aniveau_biblio:m niveau_hierar:0
100 1 _aOrganización Internacional del Trabajo (OIT)
700 1 _aBertranou, Fabio M.
856 4 1 _uhttps://www.biblioeco.unsa.edu.ar/pmb/images/libros/L127042.jpg
_yImagen de portada
_qimage/jpeg
999 _c3858
_d3858